00679nam a2200181 a 4500001001000000003000900010005001700019007000300036008004100039040002500080082001400105110017700119245009200296260008300388300002000471650000300491650000300494000047651DO-SdBNP20220914145425.0ta180713s2015 000 spa d aDO-SdBNPbspacBNPHU axxxbC7351 aRepública Dominicana.bMinisterio de Economía, Planificación y Desarrollo.eVice-Ministerio de Planificación, Dirección General de Desarrollo Económico y Social10a¿Cómo defenir un problema social y elaborar objetivos en proceso de planificación? aSanto Domingo :bMinisterio de Económia, Planificación y Desarrollo,c2015 a26 p. ;c21 cm. 4 4